| 000 | 04985cam a22006374i 4500 | ||
|---|---|---|---|
| 003 | PE-LiUPU | ||
| 005 | 20250731183444.0 | ||
| 008 | 150518s2004 fr a rb 001 0 eng d | ||
| 020 | _a2080304429 | ||
| 020 | _a9782080304421 | ||
| 035 | _a(Sirsi) i9782080304421 | ||
| 040 |
_aPE-LiUPU _bspa _cPE-LiUPU _erda |
||
| 049 | _aPRUA | ||
| 082 | 0 | 4 |
_a722.80938 _bT99 _222 |
| 100 | 1 |
_aTzonis, Alexander, _d1937- , _eautor. |
|
| 245 | 1 | 0 |
_aClassical Greeek architecture : _bthe construction of the modern / _cAlexander Tzonis, Phoebe Giannisi. |
| 250 | _aEnglish-language edition. | ||
| 264 | 1 |
_aParís : _bFlammarion, _c2004. |
|
| 300 |
_a277 páginas : _bilustraciones ; _c31 centímetros |
||
| 336 |
_atext _2rdacontent |
||
| 337 |
_aunmediated _2rdamedia |
||
| 338 |
_avolume _2rdacarrier |
||
| 504 | _aBibliografía : páginas 261-271. | ||
| 504 | _aÍndice : páginas 272-277. | ||
| 505 | 0 | _aWhy classical Greek architecture today? -- The temple of Apollo at Bassai -- Spatial arrangement and the "kinds" of architecture -- Canon and Koine -- Hearth, Temenos, and Agora -- The poetics of classical architecture -- Catharsis, critique, creation. | |
| 526 | _aP158 | ||
| 526 | _aP146 | ||
| 526 | _aP17 | ||
| 526 | _aP12 | ||
| 526 | _aP06 | ||
| 541 | _g003-000775; | ||
| 650 | 4 |
_aArquitectura clásica _zGrecia. |
|
| 700 | 1 |
_aGiannisi, Phoebe, _eautor. |
|
| 856 | 1 |
_3Tabla de contenido : _uhttp://bvbr.bib-bvb.de:8991/F?func=service&doc_library=BVB01&local_base=BVB01&doc_number=014617386&line_number=0001&func_code=DB_RECORDS&service_type=MEDIA |
|
| 856 | 1 |
_3Tabla de contenido : _uhttp://bvbr.bib-bvb.de:8991/F?func=service&doc_library=BVB01&local_base=BVB01&doc_number=014617386&line_number=0001&func_code=DB_RECORDS&service_type=MEDIA |
|
| 856 | 1 |
_3Tabla de contenido : _uhttp://bvbr.bib-bvb.de:8991/F?func=service&doc_library=BVB01&local_base=BVB01&doc_number=014617386&line_number=0001&func_code=DB_RECORDS&service_type=MEDIA |
|
| 856 | 1 |
_3Tabla de contenido : _uhttp://bvbr.bib-bvb.de:8991/F?func=service&doc_library=BVB01&local_base=BVB01&doc_number=014617386&line_number=0001&func_code=DB_RECORDS&service_type=MEDIA |
|
| 856 | 1 |
_3Tabla de contenido : _uhttp://bvbr.bib-bvb.de:8991/F?func=service&doc_library=BVB01&local_base=BVB01&doc_number=014617386&line_number=0001&func_code=DB_RECORDS&service_type=MEDIA |
|
| 856 | 1 |
_3Tabla de contenido : _uhttp://bvbr.bib-bvb.de:8991/F?func=service&doc_library=BVB01&local_base=BVB01&doc_number=014617386&line_number=0001&func_code=DB_RECORDS&service_type=MEDIA |
|
| 856 | 1 |
_3Tabla de contenido : _uhttp://bvbr.bib-bvb.de:8991/F?func=service&doc_library=BVB01&local_base=BVB01&doc_number=014617386&line_number=0001&func_code=DB_RECORDS&service_type=MEDIA |
|
| 856 | 1 |
_3Tabla de contenido : _uhttp://bvbr.bib-bvb.de:8991/F?func=service&doc_library=BVB01&local_base=BVB01&doc_number=014617386&line_number=0001&func_code=DB_RECORDS&service_type=MEDIA |
|
| 910 |
_acce _bjck _ccce _d20150518 |
||
| 942 |
_2ddc _cBOOK |
||
| 949 |
_a722.8 T99 _wDEWEY _c1 _i71067 _lCCODEBUL1 _mBUL _p77.70 _r0 _sY _tBOOK _u2015-5-18 _xINGENIERIA _PP06 _0COMPRA _o.STAFF. Colección General |
||
| 994 |
_aC0 _bPEPRU |
||
| 856 | 1 |
_3Tabla de contenido : _uhttp://bvbr.bib-bvb.de:8991/F?func=service&doc_library=BVB01&local_base=BVB01&doc_number=014617386&line_number=0001&func_code=DB_RECORDS&service_type=MEDIA |
|
| 856 | 1 |
_3Tabla de contenido : _uhttp://bvbr.bib-bvb.de:8991/F?func=service&doc_library=BVB01&local_base=BVB01&doc_number=014617386&line_number=0001&func_code=DB_RECORDS&service_type=MEDIA |
|
| 856 | 1 |
_3Tabla de contenido : _uhttp://bvbr.bib-bvb.de:8991/F?func=service&doc_library=BVB01&local_base=BVB01&doc_number=014617386&line_number=0001&func_code=DB_RECORDS&service_type=MEDIA |
|
| 856 | 1 |
_3Tabla de contenido : _uhttp://bvbr.bib-bvb.de:8991/F?func=service&doc_library=BVB01&local_base=BVB01&doc_number=014617386&line_number=0001&func_code=DB_RECORDS&service_type=MEDIA |
|
| 856 | 1 |
_3Tabla de contenido : _uhttp://bvbr.bib-bvb.de:8991/F?func=service&doc_library=BVB01&local_base=BVB01&doc_number=014617386&line_number=0001&func_code=DB_RECORDS&service_type=MEDIA |
|
| 856 | 1 |
_3Tabla de contenido : _uhttp://bvbr.bib-bvb.de:8991/F?func=service&doc_library=BVB01&local_base=BVB01&doc_number=014617386&line_number=0001&func_code=DB_RECORDS&service_type=MEDIA |
|
| 856 | 1 |
_3Tabla de contenido : _uhttp://bvbr.bib-bvb.de:8991/F?func=service&doc_library=BVB01&local_base=BVB01&doc_number=014617386&line_number=0001&func_code=DB_RECORDS&service_type=MEDIA |
|
| 856 | 1 |
_3Tabla de contenido : _uhttp://bvbr.bib-bvb.de:8991/F?func=service&doc_library=BVB01&local_base=BVB01&doc_number=014617386&line_number=0001&func_code=DB_RECORDS&service_type=MEDIA |
|
| 596 | _a1 | ||
| 999 |
_a722.8 T99 _wDEWEY _c56645 _i71067 _f2021-11-9 _g7 _lCCODEBUL1 _mBUL _p77.70 _r0 _sY _tBOOK _u2015-5-18 _xINGENIERIA _PP06 _0COMPRA _o.STAFF. Colección General _d56645 |
||
| 980 |
_81 _gALBERTO SANCHEZ Responsable de Automatización |
||